[Event "Russian Superfinal 2015"]
[Site "Chita RUS"]
[Date "2015.08.09"]
[Round "1"]
[White "Motylev, A."]
[Black "Svidler, P."]
[Result "1/2-1/2"]
[WhiteElo "2658"]
[BlackElo "2739"]
[PlyCount "64"]
[EventDate "2015.08.09"]

1. e4 e5 2. Nf3 Nc6 3. Bb5 a6 4. Ba4 Nf6 5. O-O Be7 6. Re1 b5 7. Bb3 O-O 8. c3
d6 9. h3 Re8 10. d4 Bb7 11. Nbd2 exd4 12. cxd4 Nd7 13. Nf1 Na5 14. Bc2 Bf6 15.
Bf4 Nf8 16. Ng3 Ne6 17. Bd2 Nc4 18. Bc3 c5 19. e5 dxe5 20. dxe5 Be7 21. b3 b4
22. bxc4 Qxd1 23. Raxd1 Bxf3 24. gxf3 bxc3 25. Ne2 Rab8 26. Nxc3 Nd4 27. Be4
Rb4 28. Bd5 Rb2 29. Rb1 Rc2 30. Rbc1 Rb2 31. Rb1 Rc2 32. Rbc1 Rb2 1/2-1/2

[Event "Russian Superfinal 2015"]
[Site "Chita RUS"]
[Date "2015.08.09"]
[Round "1"]
[White "Karjakin, Sergey"]
[Black "Khismatullin, D."]
[Result "1-0"]
[WhiteElo "2753"]
[BlackElo "2642"]
[PlyCount "153"]
[EventDate "2015.08.09"]

1. c4 e6 2. g3 d5 3. Bg2 Nf6 4. Nf3 dxc4 5. Qa4+ c6 6. Qxc4 b5 7. Qc2 Bb7 8. a4
Nbd7 9. O-O a6 10. Nc3 Be7 11. d4 O-O 12. Ng5 h6 13. Nge4 Nd5 14. Rd1 Qb6 15.
Bf4 Nxf4 16. gxf4 Rac8 17. e3 c5 18. axb5 axb5 19. dxc5 Nxc5 20. Nxc5 Rxc5 21.
Bxb7 Qxb7 22. Qe4 Qxe4 23. Nxe4 Rc4 24. Rd7 Bh4 25. Nd2 Rc2 26. b3 Rd8 27.
Rxd8+ Bxd8 28. Ne4 Bh4 29. Ra8+ Kh7 30. Rb8 f5 31. Ng3 Rc5 32. Rb6 g6 33. Ne2
g5 34. fxg5 hxg5 35. Rxe6 Rc2 36. Kf1 Rb2 37. Re5 Rxb3 38. Rxf5 Kg6 39. Rc5 Rb2
40. Rd5 b4 41. Rb5 g4 42. e4 Kf6 43. Rf5+ Ke7 44. Rh5 Bf6 45. e5 Bg7 46. Nf4
Ke8 47. Rg5 Bf8 48. Rxg4 b3 49. Rg3 Bc5 50. Nd3 Rb1+ 51. Kg2 b2 52. Nxc5 Rg1+
53. Kxg1 b1=Q+ 54. Kg2 Qc2 55. Nd3 Qc6+ 56. Kg1 Qe4 57. h3 Ke7 58. Re3 Qd5 59.
Ne1 Qd1 60. Kh2 Qb1 61. Kg2 Qg6+ 62. Rg3 Qe4+ 63. Nf3 Kf8 64. Rg4 Qf5 65. Kg3
Qb1 66. h4 Qh7 67. Rf4+ Ke8 68. Rf6 Qg8+ 69. Ng5 Qb3+ 70. Kg4 Qd5 71. Re6+ Kf8
72. Kh5 Qd4 73. f4 Qd1+ 74. Kg6 Qg4 75. h5 Qg1 76. h6 Qg2 77. Rf6+ 1-0

[Event "Russian Superfinal 2015"]
[Site "Chita RUS"]
[Date "2015.08.09"]
[Round "1"]
[White "Bukavshin, I."]
[Black "Lysyj, I."]
[Result "1/2-1/2"]
[WhiteElo "2655"]
[BlackElo "2673"]
[PlyCount "67"]
[EventDate "2015.08.09"]

1. d4 e6 2. c4 Nf6 3. Nc3 Bb4 4. e3 O-O 5. Bd3 d5 6. Nf3 c5 7. O-O cxd4 8. exd4
dxc4 9. Bxc4 b6 10. Bg5 Bb7 11. Ne5 h6 12. Bh4 Nbd7 13. Nxf7 Kxf7 14. Bxe6+
Kxe6 15. Qb3+ Kf5 16. Qc2+ Ke6 17. Qb3+ Kf5 18. Qc2+ Ke6 19. Qg6 Bxc3 20. bxc3
Re8 21. Rfe1+ Kd5 22. c4+ Kc6 23. Qg3 Rxe1+ 24. Rxe1 Qg8 25. Rc1 Nc5 26. dxc5
Qe6 27. Qxg7 Nd7 28. Bg3 Rg8 29. Qc3 Nxc5 30. Re1 Qf5 31. Re7 Qb1+ 32. Re1 Qf5
33. Re7 Qb1+ 34. Re1 1/2-1/2

[Event "Turkish Super League 2015"]
[Site "Kocaeli TUR"]
[Date "2015.08.09"]
[Round "7"]
[White "Cheparinov, Ivan"]
[Black "Moiseenko, Alexander"]
[Result "1/2-1/2"]
[WhiteElo "2690"]
[BlackElo "2710"]
[PlyCount "89"]
[EventDate "2015.08.04"]
[WhiteTeam "Turk Hava Yollari (Thy) Sports Club"]
[BlackTeam "Kayseri Seker Sports Club"]

1. d4 Nf6 2. c4 e6 3. Nf3 d5 4. g3 Bb4+ 5. Bd2 Bd6 6. Bg2 Nbd7 7. Nc3 dxc4 8.
Qa4 O-O 9. Qxc4 e5 10. O-O Qe7 11. Qb3 c6 12. Rad1 Re8 13. Bg5 h6 14. dxe5 Bxe5
15. Be3 Bc7 16. Qc2 Ne5 17. Nd4 Neg4 18. Bc1 Qc5 19. h3 Ne5 20. Nd5 Qxc2 21.
Nxf6+ gxf6 22. Nxc2 Kg7 23. b3 a5 24. f4 Bb6+ 25. Kh2 Ng6 26. e4 a4 27. b4 Nf8
28. a3 Be6 29. Nd4 Rad8 30. Bb2 Bxd4 31. Rxd4 Bb3 32. Rf2 Rxd4 33. Bxd4 Rd8 34.
Rd2 Ne6 35. Bc3 Rxd2 36. Bxd2 b6 37. Bc3 c5 38. Kg1 Nc7 39. bxc5 bxc5 40. Bf1
Bc2 41. e5 Nd5 42. exf6+ Kg6 43. Be5 Nxf6 44. g4 Ne4 45. h4 1/2-1/2

[Event "Turkish Super League 2015"]
[Site "Kocaeli TUR"]
[Date "2015.08.09"]
[Round "7"]
[White "Zhigalko, Sergei"]
[Black "Harikrishna, Pentala"]
[Result "1/2-1/2"]
[WhiteElo "2654"]
[BlackElo "2740"]
[PlyCount "33"]
[EventDate "2015.08.04"]
[WhiteTeam "Kahramanmaras Buyuksehir Belediye Sports Club"]
[BlackTeam "Istanbul Technical University Sports Club"]

1. e4 c5 2. Nf3 e6 3. d4 cxd4 4. Nxd4 Nc6 5. Nc3 Qc7 6. Be3 a6 7. Qf3 d6 8.
O-O-O Nf6 9. Qg3 Bd7 10. f3 Rc8 11. Kb1 h5 12. Bd3 Ne5 13. f4 h4 14. Qe1 Nxd3
15. cxd3 b5 16. h3 Be7 17. Rc1 1/2-1/2

[Event "Turkish Super League 2015"]
[Site "Kocaeli TUR"]
[Date "2015.08.09"]
[Round "7"]
[White "Yilmaz, Mustafa"]
[Black "Mamedyarov, Shakhriyar"]
[Result "0-1"]
[WhiteElo "2582"]
[BlackElo "2735"]
[PlyCount "64"]
[EventDate "2015.08.04"]
[WhiteTeam "Hatay Buyuksehir Belediyesi Genclik Sports Cl"]
[BlackTeam "Besiktas Jimnastik Kulubu"]

1. d4 d5 2. c4 c5 3. Nf3 cxd4 4. cxd5 Qxd5 5. Nc3 Qa5 6. Nxd4 Nf6 7. g3 e5 8.
Nb3 Qc7 9. Bg2 Bb4 10. O-O Bxc3 11. bxc3 O-O 12. Ba3 Rd8 13. Qc2 Be6 14. c4 Nc6
15. Rac1 Rac8 16. Qb2 b6 17. Rfe1 e4 18. Qc3 Qe5 19. Bb2 Qxc3 20. Bxc3 e3 21.
fxe3 Ng4 22. c5 Bxb3 23. axb3 bxc5 24. Bxc6 Rxc6 25. b4 Rdc8 26. Ra1 Nxe3 27.
Rxa7 Nd5 28. Bd2 cxb4 29. Rb7 Rc2 30. Bxb4 Rb2 31. Rd1 Nxb4 32. Rd4 Nc6 0-1

[Event "Russian Superfinal 2015"]
[Site "Chita RUS"]
[Date "2015.08.10"]
[Round "2"]
[White "Dubov, Daniil"]
[Black "Artemiev, Vladislav"]
[Result "1/2-1/2"]
[WhiteElo "2654"]
[BlackElo "2671"]
[PlyCount "80"]
[EventDate "2015.08.09"]

1. d4 d5 2. c4 c6 3. Nf3 Nf6 4. Qc2 g6 5. Bf4 Bg7 6. e3 O-O 7. Nc3 c5 8. Rd1
Qa5 9. dxc5 Bf5 10. Bd3 Bxd3 11. Qxd3 Na6 12. cxd5 Nxc5 13. Qb5 Qxb5 14. Nxb5
Rfd8 15. d6 exd6 16. O-O Ne8 17. Nfd4 Ne4 18. f3 a6 19. fxe4 axb5 20. Nxb5 Bxb2
21. Rf2 Be5 22. a3 Rac8 23. Rfd2 Rc5 24. Bxe5 Rxe5 25. Nxd6 Nxd6 26. Rxd6 Rxd6
27. Rxd6 Rxe4 28. Kf2 Ra4 29. Rb6 Rxa3 30. Rxb7 Kg7 31. Kf3 h5 32. h4 Ra6 33.
Rb4 f6 34. Rb7+ Kh6 35. Rb8 Ra4 36. Rb6 Kg7 37. Rb7+ Kh6 38. Rb6 Rxh4 39. Rxf6
Kg7 40. Ra6 Rb4 1/2-1/2

[Event "Russian Superfinal 2015"]
[Site "Chita RUS"]
[Date "2015.08.10"]
[Round "2"]
[White "Vitiugov, Nikita"]
[Black "Bukavshin, Ivan"]
[Result "1-0"]
[WhiteElo "2719"]
[BlackElo "2655"]
[PlyCount "55"]
[EventDate "2015.08.09"]

1. d4 d5 2. c4 e6 3. Nc3 c6 4. e3 Nf6 5. b3 Bd6 6. Bb2 O-O 7. Bd3 e5 8. dxe5
Bxe5 9. Nf3 Bg4 10. Qc2 Bxf3 11. gxf3 d4 12. Ne2 Qa5+ 13. b4 Qxb4+ 14. Kf1 c5
15. f4 Bd6 16. exd4 Nbd7 17. Rg1 g6 18. Rb1 Qa5 19. f5 g5 20. Qc1 Kh8 21. dxc5
Be7 22. Bd4 Qc7 23. Be4 Rab8 24. Nc3 h6 25. Nd5 Qd8 26. h4 Bxc5 27. hxg5 Bxd4
28. gxf6 1-0

[Event "Russian Superfinal 2015"]
[Site "Chita RUS"]
[Date "2015.08.10"]
[Round "2"]
[White "Lysyj, Igor"]
[Black "Karjakin, Sergey"]
[Result "1/2-1/2"]
[WhiteElo "2673"]
[BlackElo "2753"]
[PlyCount "46"]
[EventDate "2015.08.09"]

1. d4 Nf6 2. c4 e6 3. Nc3 Bb4 4. Qc2 d5 5. cxd5 Qxd5 6. e3 c5 7. Bd2 Bxc3 8.
bxc3 O-O 9. Nf3 b6 10. c4 Qc6 11. Be2 Bb7 12. O-O Nbd7 13. Bc3 Rac8 14. Rac1
Rfd8 15. Rfd1 cxd4 16. exd4 Qc7 17. Nd2 Nf8 18. Qb2 Qf4 19. Nf1 Ng6 20. Ne3 Ne4
21. Be1 Nf6 22. Bc3 Ne4 23. Be1 Nf6 1/2-1/2

[Event "Russian Superfinal 2015"]
[Site "Chita RUS"]
[Date "2015.08.10"]
[Round "2"]
[White "Svidler, Peter"]
[Black "Jakovenko, Dmitry"]
[Result "1/2-1/2"]
[WhiteElo "2739"]
[BlackElo "2759"]
[PlyCount "121"]
[EventDate "2015.08.09"]

1. Nf3 d5 2. g3 Bg4 3. Bg2 c6 4. d3 e6 5. O-O Nd7 6. Qe1 Bd6 7. e4 Ne7 8. Nbd2
O-O 9. h3 Bh5 10. Nh4 Ng6 11. Nxg6 Bxg6 12. Nf3 dxe4 13. dxe4 f6 14. Qe2 Qc7
15. Rd1 Rad8 16. Nd4 Rfe8 17. a4 Bf8 18. Nb3 Nc5 19. Rxd8 Rxd8 20. Bf4 Qf7 21.
Nxc5 Bxc5 22. Be3 Qe7 23. Bxc5 Qxc5 24. Rd1 Rd6 25. c3 h6 26. Rxd6 Qxd6 27. Bf3
e5 28. Qe3 b6 29. Be2 Bf7 30. b4 c5 31. bxc5 Qxc5 32. Qxc5 bxc5 33. a5 c4 34.
Bg4 Kf8 35. Bc8 Ke7 36. Ba6 Kd6 37. h4 Kc5 38. Kg2 Be8 39. Kf3 Bb5 40. Bb7 Bd7
41. Ba6 Bb5 42. Bb7 Bc6 43. Ba6 f5 44. Ke3 Bxe4 45. f4 exf4+ 46. gxf4 Bd3 47.
Kf3 Bb1 48. Kf2 Bc2 49. Kf3 Ba4 50. Ke3 Bd7 51. Kf2 Bc6 52. Ke2 Be4 53. Ke3 Bd3
54. Kf3 Kd6 55. Ke3 Kd5 56. Bb5 Bc2 57. Ba6 Kc5 58. Kf3 Ba4 59. Ke3 g6 60. Kf2
Bb5 61. Bb7 1/2-1/2

[Event "Russian Superfinal 2015"]
[Site "Chita RUS"]
[Date "2015.08.10"]
[Round "2"]
[White "Khismatullin, Denis"]
[Black "Tomashevsky, Evgeny"]
[Result "0-1"]
[WhiteElo "2642"]
[BlackElo "2747"]
[PlyCount "80"]
[EventDate "2015.08.09"]

1. c4 Nf6 2. Nc3 e5 3. Nf3 Nc6 4. g3 Bb4 5. Bg2 O-O 6. O-O e4 7. Ng5 Bxc3 8.
bxc3 Re8 9. f3 exf3 10. Nxf3 Qe7 11. e3 Ne5 12. Nd4 d6 13. d3 c5 14. Nf5 Bxf5
15. Rxf5 d5 16. cxd5 c4 17. d4 Nd3 18. Rxf6 Qxf6 19. Qe2 Nxc1 20. Rxc1 Qg5 21.
Re1 Rad8 22. e4 Rxd5 23. e5 Rd7 24. Qxc4 g6 25. Qe2 Qd8 26. Bh3 Rde7 27. Qf2 b5
28. Bg4 Rc7 29. Qd2 b4 30. cxb4 Rc4 31. Re4 Qb6 32. Bd7 Re7 33. Ba4 Qxb4 34.
Qxb4 Rxb4 35. Bb3 a5 36. Kf2 a4 37. Bd5 Rc7 38. Ke3 Rb5 39. e6 Kf8 40. Ba8 Ra5
0-1

[Event "Russian Superfinal 2015"]
[Site "Chita RUS"]
[Date "2015.08.10"]
[Round "2"]
[White "Motylev, Alexander"]
[Black "Khairullin, Ildar"]
[Result "0-1"]
[WhiteElo "2658"]
[BlackElo "2662"]
[PlyCount "72"]
[EventDate "2015.08.09"]

1. e4 e5 2. Nf3 Nc6 3. Bb5 a6 4. Ba4 Nf6 5. O-O Nxe4 6. d4 b5 7. Bb3 d5 8. dxe5
Be6 9. Be3 Be7 10. c3 Nc5 11. Bc2 Nd7 12. Bf4 g5 13. Be3 Ndxe5 14. Nxe5 Nxe5
15. Bd4 Bf6 16. a4 b4 17. cxb4 Nc6 18. Bc5 Be7 19. Re1 Rb8 20. Qh5 Kd7 21. Nc3
Bxc5 22. bxc5 Qf6 23. Rad1 Nb4 24. Qe2 Kc8 25. Na2 Nxc2 26. Qxa6+ Kd7 27. Nc3
Nxe1 28. Nxd5 Qe5 29. c6+ Ke8 30. Qa7 Rd8 31. Nxc7+ Qxc7 32. Qxc7 Rxd1 33. Qb8+
Ke7 34. Qb4+ Kf6 35. Qc3+ Kg6 36. Kf1 Re8 0-1

[Event "Russian Superfinal 2015"]
[Site "Chita RUS"]
[Date "2015.08.11"]
[Round "3"]
[White "Bukavshin, Ivan"]
[Black "Dubov, Daniil"]
[Result "1/2-1/2"]
[WhiteElo "2655"]
[BlackElo "2654"]
[PlyCount "103"]
[EventDate "2015.08.09"]

1. d4 f5 2. c4 Nf6 3. Nc3 g6 4. Nf3 Bg7 5. e3 O-O 6. Be2 b6 7. O-O Bb7 8. b4 e6
9. Qb3 Kh8 10. Bb2 Qe7 11. a4 Nc6 12. Ba3 Nd8 13. a5 d6 14. c5 Ne4 15. Nxe4
Bxe4 16. Rac1 Nf7 17. b5 Bd5 18. Qb4 Rad8 19. Ne1 Ng5 20. cxd6 cxd6 21. axb6
axb6 22. f3 e5 23. dxe5 Qxe5 24. Nc2 f4 25. e4 Bb7 26. Rcd1 Rc8 27. Ne1 Qc5+
28. Kh1 Qe3 29. Bd3 Nf7 30. Nc2 Qc5 31. Qd2 Qg5 32. Nb4 Bc3 33. Qf2 Qc5 34. Nc2
Qxf2 35. Rxf2 Rfd8 36. Nb4 Ra8 37. Bb2 Bxb2 38. Rxb2 d5 39. exd5 Bxd5 40. Re1
Re8 41. Rxe8+ Rxe8 42. Kg1 Bb7 43. Kf2 Kg7 44. Rc2 Re7 45. Be2 Rd7 46. Nd3 g5
47. Nb2 Ne5 48. Na4 Rd6 49. Rc7+ Rd7 50. Rc1 Rd6 51. Rc7+ Rd7 52. Rc3 1/2-1/2

[Event "Russian Superfinal 2015"]
[Site "Chita RUS"]
[Date "2015.08.11"]
[Round "3"]
[White "Khairullin, Ildar"]
[Black "Svidler, Peter"]
[Result "1/2-1/2"]
[WhiteElo "2662"]
[BlackElo "2739"]
[PlyCount "55"]
[EventDate "2015.08.09"]

1. c4 e5 2. Nc3 Nf6 3. Nf3 Nc6 4. e3 Bb4 5. Qc2 Bxc3 6. bxc3 O-O 7. e4 d6 8. g3
Nd7 9. Bg2 Nc5 10. Nh4 a6 11. O-O b5 12. d4 exd4 13. cxd4 Nxd4 14. Qd2 Nc6 15.
e5 Bb7 16. exd6 Qxd6 17. Qxd6 cxd6 18. Nf5 Ne5 19. Bxb7 Nxb7 20. cxb5 axb5 21.
Rb1 Rxa2 22. Rxb5 Nc5 23. Nxd6 Ncd3 24. Be3 Nf3+ 25. Kg2 Nfe1+ 26. Kg1 Nf3+ 27.
Kg2 Nfe1+ 28. Kg1 1/2-1/2

[Event "Russian Superfinal 2015"]
[Site "Chita RUS"]
[Date "2015.08.11"]
[Round "3"]
[White "Karjakin, Sergey"]
[Black "Vitiugov, Nikita"]
[Result "1/2-1/2"]
[WhiteElo "2753"]
[BlackElo "2719"]
[PlyCount "71"]
[EventDate "2015.08.09"]

1. d4 Nf6 2. c4 e6 3. g3 c5 4. d5 exd5 5. cxd5 d6 6. Nc3 g6 7. Bg2 Bg7 8. Nf3
O-O 9. O-O Re8 10. h3 Ne4 11. Nxe4 Rxe4 12. Nd2 Re8 13. a4 Nd7 14. Ra2 Qe7 15.
Re1 b6 16. Ne4 h6 17. b3 Ba6 18. Qc2 Ne5 19. Rd1 Rf8 20. Nc3 f5 21. Nb5 g5 22.
f4 gxf4 23. gxf4 Ng6 24. Kh2 Kh8 25. e3 Nh4 26. Rg1 Rg8 27. Bh1 Bf6 28. Rxg8+
Rxg8 29. Bb2 Bxb2 30. Qxb2+ Rg7 31. Qf2 Bxb5 32. axb5 Qf6 33. Qb2 Qg6 34. Qf2
Qf6 35. Qb2 Qg6 36. Qf2 1/2-1/2

[Event "Russian Superfinal 2015"]
[Site "Chita RUS"]
[Date "2015.08.11"]
[Round "3"]
[White "Tomashevsky, Evgeny"]
[Black "Lysyj, Igor"]
[Result "1-0"]
[WhiteElo "2747"]
[BlackElo "2673"]
[PlyCount "79"]
[EventDate "2015.08.09"]

1. c4 Nf6 2. Nc3 e6 3. Nf3 d5 4. d4 c5 5. cxd5 Nxd5 6. e4 Nxc3 7. bxc3 cxd4 8.
cxd4 Bb4+ 9. Bd2 Bxd2+ 10. Qxd2 O-O 11. Bc4 Nc6 12. O-O b6 13. Rad1 Na5 14. Bd3
Bb7 15. h4 Rc8 16. h5 h6 17. Rfe1 Qe7 18. d5 Nc4 19. Bxc4 Rxc4 20. Ne5 Rc5 21.
d6 Qd8 22. Qf4 f6 23. Ng6 Rf7 24. e5 fxe5 25. Ne7+ Kf8 26. Ng6+ Kg8 27. Ne7+
Kf8 28. Qg4 Bd5 29. Nxd5 exd5 30. Rxe5 Qxd6 31. Rde1 Rf6 32. Re8+ Kf7 33. Qa4
Rc7 34. Qb5 Qc6 35. Qe2 Qc5 36. g3 Rd7 37. Re6 Rd8 38. Rxf6+ gxf6 39. Qg4 Rg8
40. Qd7+ 1-0

[Event "Russian Superfinal 2015"]
[Site "Chita RUS"]
[Date "2015.08.11"]
[Round "3"]
[White "Artemiev, Vladislav"]
[Black "Motylev, Alexander"]
[Result "1-0"]
[WhiteElo "2671"]
[BlackElo "2658"]
[PlyCount "47"]
[EventDate "2015.08.09"]

1. d4 d5 2. c4 dxc4 3. e3 e5 4. Bxc4 exd4 5. exd4 Bd6 6. Nf3 Nf6 7. O-O O-O 8.
h3 Nc6 9. Nc3 Bf5 10. Bg5 h6 11. Bh4 g5 12. Nxg5 hxg5 13. Bxg5 Re8 14. Qd2 Nxd4
15. Rad1 c5 16. b4 b6 17. bxc5 bxc5 18. Rfe1 Rxe1+ 19. Qxe1 Be6 20. Bxe6 fxe6
21. Rxd4 Bh2+ 22. Kxh2 Qxd4 23. Qxe6+ Kg7 24. Ne2 1-0

[Event "Russian Superfinal 2015"]
[Site "Chita RUS"]
[Date "2015.08.11"]
[Round "3"]
[White "Jakovenko, Dmitry"]
[Black "Khismatullin, Denis"]
[Result "1/2-1/2"]
[WhiteElo "2759"]
[BlackElo "2642"]
[PlyCount "63"]
[EventDate "2015.08.09"]

1. e4 c5 2. Nf3 d6 3. c3 Nf6 4. h3 g6 5. Bd3 Bg7 6. Bc2 e5 7. O-O O-O 8. d4
exd4 9. cxd4 cxd4 10. Nxd4 Nc6 11. Nxc6 bxc6 12. Nc3 d5 13. Be3 Nxe4 14. Nxe4
dxe4 15. Bxe4 Ba6 16. Re1 Bxb2 17. Rb1 Bc3 18. Qxd8 Raxd8 19. Rec1 Bd2 20. Rxc6
Bxe3 21. fxe3 Bd3 22. Bxd3 Rxd3 23. Ra6 Rd7 24. Rb2 Rc8 25. Kf2 Kg7 26. g4 Rc5
27. Rb4 Rc2+ 28. Kf3 Rh2 29. Kg3 Re2 30. Kf3 Rh2 31. Kg3 Re2 32. Kf3 1/2-1/2

[Event "Riga Open 2015"]
[Site "Riga LAT"]
[Date "2015.08.10"]
[Round "1"]
[White "Narva, Mai"]
[Black "Kovalenko, Igor"]
[Result "1/2-1/2"]
[WhiteElo "2266"]
[BlackElo "2702"]
[PlyCount "80"]
[EventDate "2015.08.10"]

1. e4 c6 2. d4 d5 3. exd5 cxd5 4. Bd3 Nc6 5. Nf3 Bg4 6. c3 e6 7. O-O Bd6 8.
Nbd2 Nge7 9. Re1 Qc7 10. Nf1 O-O-O 11. b4 Kb8 12. Bd2 f6 13. Be2 h5 14. a4 g5
15. a5 Ng6 16. Qa4 Nce7 17. b5 Qd7 18. c4 dxc4 19. Ne3 Nf4 20. Nxc4 Nxe2+ 21.
Rxe2 Nd5 22. Nb6 Qh7 23. Nxd5 exd5 24. Bb4 Bf4 25. Bc5 Qd3 26. Re7 Qc4 27. Bb4
Bxf3 28. gxf3 g4 29. a6 b6 30. Rae1 gxf3 31. Qa3 Rhg8+ 32. Kh1 Rg2 33. Re8
Rxh2+ 34. Kg1 Rg2+ 35. Kh1 Qc8 36. Bd6+ Bxd6 37. Qxd6+ Rxd6 38. Rxc8+ Kxc8 39.
Re8+ Rd8 40. Rxd8+ Kxd8 1/2-1/2

[Event "Riga Open 2015"]
[Site "Riga LAT"]
[Date "2015.08.10"]
[Round "1"]
[White "Shirov, Alexei"]
[Black "Johannesson, Oliver"]
[Result "1-0"]
[WhiteElo "2702"]
[BlackElo "2263"]
[PlyCount "93"]
[EventDate "2015.08.10"]

1. e4 c5 2. Nf3 e6 3. d4 cxd4 4. Nxd4 Nc6 5. Nc3 Qc7 6. Be3 a6 7. Qf3 b5 8.
Nxc6 Qxc6 9. O-O-O b4 10. Nd5 exd5 11. exd5 Qb7 12. Bd4 d6 13. Bd3 Ne7 14. Rhe1
Bd7 15. Qg3 Qc7 16. Re4 f6 17. Rde1 Bb5 18. Bxb5+ axb5 19. Rxe7+ Bxe7 20. Qxg7
Rf8 21. Bxf6 Rxf6 22. Qxf6 b3 23. c3 Rxa2 24. Re3 Ra1+ 25. Kd2 Ra2 26. Qh8+ Kd7
27. Qxh7 Rxb2+ 28. Kc1 Rc2+ 29. Kb1 Qd8 30. Qf5+ Kc7 31. Qf7 Kb6 32. Qxe7 Qxe7
33. Rxe7 Rxf2 34. Rg7 Kc5 35. h4 Kc4 36. Rc7+ Kd3 37. g4 Rf4 38. Kb2 Rxg4 39.
Kxb3 Ke4 40. c4 Rg3+ 41. Kb4 bxc4 42. Kxc4 Rg4 43. Re7+ Kf5+ 44. Kb5 Kf6 45.
Re6+ Kf7 46. Rh6 Ke7 47. Rh7+ 1-0

[Event "Riga Open 2015"]
[Site "Riga LAT"]
[Date "2015.08.11"]
[Round "2"]
[White "Sipila, Vilka"]
[Black "Shirov, Alexei"]
[Result "0-1"]
[WhiteElo "2410"]
[BlackElo "2702"]
[PlyCount "55"]
[EventDate "2015.08.10"]

1. e4 c5 2. Nf3 d6 3. d4 cxd4 4. Nxd4 Nf6 5. Nc3 a6 6. h3 e5 7. Nde2 h5 8. g3
b5 9. Bg5 Nbd7 10. a4 b4 11. Nd5 Bb7 12. Bg2 Bxd5 13. exd5 Be7 14. Be3 Rb8 15.
O-O O-O 16. Qd2 Qa5 17. Nc1 Rfc8 18. Qe2 Qc7 19. Qxa6 Qxc2 20. b3 Nc5 21. Bxc5
Qxc5 22. Nd3 Qd4 23. Rad1 e4 24. Nc1 Qb2 25. Rfe1 Bd8 26. a5 e3 27. fxe3 Qe5
28. Ne2 0-1

[Event "Riga Open 2015"]
[Site "Riga LAT"]
[Date "2015.08.11"]
[Round "3"]
[White "Shirov, Alexei"]
[Black "Stremavicius, Titas"]
[Result "1-0"]
[WhiteElo "2702"]
[BlackElo "2457"]
[PlyCount "100"]
[EventDate "2015.08.10"]

1. e4 c5 2. Nf3 Nc6 3. Bb5 g6 4. Bxc6 bxc6 5. O-O Bg7 6. Re1 Nh6 7. c3 O-O 8.
d4 cxd4 9. cxd4 f6 10. b3 Nf7 11. Ba3 d6 12. Nbd2 Qa5 13. Nc4 Qa6 14. Bb2 Re8
15. e5 Bg4 16. exd6 exd6 17. Ne3 Bxf3 18. Qxf3 f5 19. Nc2 Rxe1+ 20. Nxe1 Re8
21. Qd1 Qe2 22. Bc3 Qe4 23. Rc1 g5 24. Qd3 g4 25. Qxe4 Rxe4 26. Kf1 h5 27. f3
Re8 28. Bd2 Nd8 29. Rc4 d5 30. Ra4 Ne6 31. Nc2 Re7 32. Ra6 Bxd4 33. Rxc6 Bg7
34. Ne3 Nd4 35. Rc8+ Kh7 36. fxg4 fxg4 37. Nxd5 Rd7 38. Rc5 h4 39. Be3 Nf5 40.
Nf6+ Bxf6 41. Rxf5 Kg6 42. Rf4 g3 43. hxg3 hxg3 44. Ra4 Kf5 45. Rxa7 Rd5 46.
Ke2 Be5 47. Ra4 Rd8 48. Rc4 Rb8 49. Kf3 Rf8 50. Bf4 Kg6 1-0

[Event "Riga Open 2015"]
[Site "Riga LAT"]
[Date "2015.08.11"]
[Round "3"]
[White "Lapshun, Yury"]
[Black "Kovalenko, Igor"]
[Result "1-0"]
[WhiteElo "2439"]
[BlackElo "2702"]
[PlyCount "125"]
[EventDate "2015.08.10"]

1. d4 Nf6 2. c4 e6 3. Nf3 b6 4. g3 Ba6 5. b3 b5 6. cxb5 Bxb5 7. Nc3 Bb4 8. Bd2
Bc6 9. Bg2 a5 10. O-O O-O 11. Qc2 Bxc3 12. Bxc3 Be4 13. Qd2 Nc6 14. Ne5 Bxg2
15. Kxg2 Ne4 16. Nxc6 dxc6 17. Qc2 Qd5 18. f3 Nd6 19. e4 Qb5 20. a4 Qb7 21.
Rab1 f5 22. Rfe1 fxe4 23. fxe4 Rf7 24. Re2 Qa6 25. Rf1 Rxf1 26. Kxf1 Rf8+ 27.
Kg2 Qb6 28. Rf2 Rxf2+ 29. Kxf2 c5 30. dxc5 Qxc5+ 31. Kg2 Kf7 32. Qd3 Qc6 33.
Bxa5 Nxe4 34. Qc4 Qa8 35. Qxc7+ Kg6 36. Qd8 Qc6 37. Qd3 Kf6 38. Qf3+ Kg6 39.
Qd3 Kf6 40. Qf3+ Ke5 41. Bc7+ Kd4 42. Qd1+ Kc5 43. Qc2+ Nc3+ 44. Kh3 Qf3 45.
Ba5 Qh5+ 46. Kg2 Qd5+ 47. Kg1 Qd1+ 48. Qxd1 Nxd1 49. Bd2 Nb2 50. Kf1 Nd3 51.
Ke2 Ne5 52. Bc3 Nc6 53. Ke3 Kd5 54. Bxg7 e5 55. Bf8 Nd4 56. b4 Nc2+ 57. Kd3 Nd4
58. Bc5 Nf3 59. h3 h5 60. Be3 e4+ 61. Kc3 Ne5 62. a5 Nc4 63. a6 1-0

[Event "Russian Superfinal 2015"]
[Site "Chita RUS"]
[Date "2015.08.12"]
[Round "4"]
[White "Motylev, A."]
[Black "Bukavshin, I."]
[Result "1/2-1/2"]
[WhiteElo "2658"]
[BlackElo "2655"]
[PlyCount "108"]
[EventDate "2015.08.09"]

1. e4 c5 2. Nf3 e6 3. d4 cxd4 4. Nxd4 Nc6 5. Nc3 Qc7 6. Qd3 Nf6 7. Ndb5 Qb8 8.
Qg3 d6 9. Be3 a6 10. Nd4 Bd7 11. f4 b5 12. Bd3 b4 13. Nb1 g6 14. Nd2 Bg7 15.
Ne2 Nh5 16. Qf3 Bxb2 17. Rb1 Bg7 18. Nc4 O-O 19. Nb6 Ra7 20. e5 d5 21. Nxd7
Rxd7 22. g4 Nxf4 23. Bxf4 Nxe5 24. Bxe5 Qxe5 25. Bxa6 Ra7 26. Bd3 Rxa2 27. Rxb4
Qd6 28. Rb5 Qa6 29. Kf1 Qc6 30. c4 Ra3 31. Kf2 f5 32. g5 Qc7 33. cxd5 e5 34. d6
Qxd6 35. Qd5+ Qxd5 36. Rxd5 Rc8 37. Rd1 e4 38. Bb1 h6 39. gxh6 Bxh6 40. Rd6 Kh7
41. Rd7+ Bg7 42. Rb7 Kh6 43. Rdd7 Be5 44. Rh7+ Kg5 45. Kg2 Re3 46. Kf2 Rf3+ 47.
Kg2 Re3 48. Kf2 Rf3+ 49. Kg2 Rd8 50. Rb6 Rd6 51. Rxd6 Bxd6 52. Rh3 Kg4 53. Rh6
Kg5 54. Rh3 Kg4 1/2-1/2

[Event "Russian Superfinal 2015"]
[Site "Chita RUS"]
[Date "2015.08.12"]
[Round "4"]
[White "Lysyj, I."]
[Black "Jakovenko, D."]
[Result "1/2-1/2"]
[WhiteElo "2673"]
[BlackElo "2759"]
[PlyCount "123"]
[EventDate "2015.08.09"]

1. d4 d5 2. c4 c6 3. Nf3 Nf6 4. e3 Bg4 5. h3 Bh5 6. g4 Bg6 7. Ne5 Nbd7 8. Nxg6
hxg6 9. Qb3 Qc7 10. cxd5 Nxd5 11. Nc3 e6 12. Bg2 Be7 13. Bd2 g5 14. O-O Rd8 15.
Rac1 Qb6 16. Qc2 Nf8 17. Na4 Qc7 18. Nc5 Nd7 19. Nd3 Qd6 20. b4 a6 21. a4 e5
22. Nc5 Nxc5 23. dxc5 Qe6 24. b5 axb5 25. axb5 O-O 26. Rb1 Rd7 27. Rfd1 g6 28.
bxc6 bxc6 29. Be1 Rfd8 30. Be4 Kg7 31. Ra1 Nf6 32. Rxd7 Rxd7 33. Bg2 Rb7 34.
Ra6 Nd5 35. Be4 Rb5 36. Ra5 Rxa5 37. Bxa5 Nf6 38. Bg2 Nd7 39. Qa4 Nxc5 40. Qxc6
Qxc6 41. Bxc6 f5 42. Be8 Ne4 43. Bd7 Kf6 44. Bc6 Ke6 45. f3 Nd6 46. e4 Kf6 47.
Kf2 Nc4 48. Be1 Bc5+ 49. Ke2 Bb6 50. Bb5 Nd6 51. Bc6 Nc4 52. Bb5 Nd6 53. Bd3
fxe4 54. Bxe4 Nb5 55. Kd3 Nd4 56. Bd5 Ne6 57. Bxe6 Kxe6 58. Ke4 Bc7 59. Bd2 Bd8
60. Be3 Be7 61. Bb6 Ba3 62. Bd8 1/2-1/2

[Event "Russian Superfinal 2015"]
[Site "Chita RUS"]
[Date "2015.08.12"]
[Round "4"]
[White "Vitiugov, N."]
[Black "Tomashevsky, E."]
[Result "1/2-1/2"]
[WhiteElo "2719"]
[BlackElo "2747"]
[PlyCount "69"]
[EventDate "2015.08.09"]

1. d4 Nf6 2. c4 e6 3. Nf3 Bb4+ 4. Bd2 Qe7 5. g3 Bxd2+ 6. Qxd2 Nc6 7. Nc3 d5 8.
Ne5 dxc4 9. Nxc6 bxc6 10. Bg2 O-O 11. O-O Rb8 12. Rfd1 c5 13. Na4 cxd4 14. Qxd4
Bd7 15. Qxa7 Nd5 16. Nc3 Bc6 17. Qd4 Ba8 18. e4 Nxc3 19. bxc3 Qa3 20. Qxc4 Rb6
21. Rd3 Bc6 22. Qd4 h6 23. e5 Bxg2 24. Kxg2 Rb2 25. Rd2 Rfb8 26. h4 h5 27. Kg1
g6 28. c4 Rb1+ 29. Rxb1 Rxb1+ 30. Rd1 Qxa2 31. Rxb1 Qxb1+ 32. Kg2 Qb7+ 33. Kg1
Qb1+ 34. Kg2 Qb7+ 35. Kg1 1/2-1/2